Picture Click Quiz - Select Foods in Disney Movies #3 - Statistics

General Stats
  • This quiz has been taken 205 times
  • The average score is 13 of 25
Answer Stats
Hint Answer % Correct
The Lion King
The Lion King
73%
Kung Fu Panda
Kung Fu Panda
67%
The Jungle Book
Sour Bill
67%
The Little Mermaid
The Little Mermaid
65%
A Bug's Life
A Bug's Life
62%
Beauty and the Beast
Beauty and the Beast
62%
Encanto
Encanto
61%
Shrek
Shrek
58%
Monsters vs. Aliens
Monsters vs. Aliens
56%
The Emperor's New Groove
The Emperor's New Groove
55%
The Incredibles
The Incredibles
54%
Sleeping Beauty
Sleeping Beauty
54%
Monsters, Inc.
Luca
51%
The Aristocats
Marie
49%
Inside Out 2
Inside Out 2
47%
Princess and the Frog
Princess and the Frog
46%
Alice in Wonderland
Alice in Wonderland
45%
Inside Out
Inside Out
44%
Pinocchio
Pinocchio
44%
A Goofy Movie
A Goofy Movie
44%
Ratatouille
Ratatouille
38%
Luca
Luca
36%
Over the Hedge
Over the Hedge
33%
Turning Red
Turning Red
30%
Monsters University
Monsters University
27%
No matching quizzes found
Score Distribution
Percent of People with Each Score
Percentile by Number Answered
Your Score History
You have not taken this quiz